000 00359cam a22001097a 4500
008 180718b1983 xxu||||| |||| 00| 0 eng d
082 _aV5 065x5453
245 _aPower development in Kerala : a statistical Profile
_cby State Planning Board, Kerala
260 _aTrivandrum
_bState Planning Board
_c1983
300 _a33+p.
700 _aKerala.State Planning Board
999 _c498477
_d498477